Management of fisheries, coastal resources and coastal environment in Thailand: institutional, legal and policy perspectives

Sparad:
Bibliografiska uppgifter
Materialtyp: Bok
Språk:Undetermined
Publicerad: Thailand International centre for living aquatic resources management 1999
Ämnen:
Taggar: Lägg till en tagg
Inga taggar, Lägg till första taggen!
Thư viện lưu trữ: Trung tâm Học liệu Trường Đại học Cần Thơ
LEADER 00598nam a2200169Ia 4500
001 CTU_143967
008 210402s9999 xx 000 0 und d
082 |a 639.3 
082 |b M266 
245 0 |a Management of fisheries, coastal resources and coastal environment in Thailand: institutional, legal and policy perspectives 
245 0 |c Ayut Nissapa ...[et al.] 
260 |a Thailand 
260 |b International centre for living aquatic resources management 
260 |c 1999 
650 |a Fisheries,Thuỷ sản 
904 |i Tuyến 
980 |a Trung tâm Học liệu Trường Đại học Cần Thơ